[Event "Europa ch 2014"]
[Site "Yerevan ARM"]
[Date "2014.03.06"]
[Round "4.125"]
[White "Simonyan, Latush"]
[Black "Barseghyan, Harutyun"]
[Result "0-1"]
[WhiteElo "1799"]
[BlackElo "2067"]
[PlyCount "58"]
[EventDate "2014.03.03"]
[EventType "swiss"]
[EventRounds "11"]
[EventCountry "ARM"]
[Source "lmi"]
[SourceDate "2014.03.02"]

1. e4 c5 2. Nf3 e6 3. d4 cxd4 4. Nxd4 a6 5. Nc3 b5 6. Be2 Bb7 7. O-O b4 8. Na4
Bxe4 9. Bf3 Bxf3 10. Qxf3 d5 11. Re1 Be7 12. Bf4 Nf6 13. c4 bxc3 14. Qe3 O-O
15. Rac1 Bd6 16. Qf3 Ne4 17. Bg3 Nxg3 18. hxg3 Nd7 19. Nc6 Qf6 20. Qe3 Qh6 21.
Qd4 Rae8 22. Rxc3 f5 23. Rce3 f4 24. Rxe6 Rxe6 25. Qxd5 Rfe8 26. Nd4 Nf6 27.
Nf5 Qg5 28. gxf4 Bxf4 29. Nc5 Qxf5 0-1

[Event "Europa ch 2014"]
[Site "Yerevan ARM"]
[Date "2014.03.06"]
[Round "4.126"]
[White "Kanjaryan, Vladimir"]
[Black "Hoghmrtsyan, Artur"]
[Result "1-0"]
[WhiteElo "2067"]
[BlackElo "1878"]
[PlyCount "93"]
[EventDate "2014.03.03"]
[EventType "swiss"]
[EventRounds "11"]
[EventCountry "ARM"]
[Source "lmi"]
[SourceDate "2014.03.02"]

1. e4 e5 2. Nf3 Nc6 3. Bb5 a6 4. Ba4 Nf6 5. d3 b5 6. Bb3 Be7 7. O-O d6 8. c3
O-O 9. Re1 Na5 10. Bc2 c5 11. Nbd2 Nc6 12. Nf1 Be6 13. Qe2 Nh5 14. h3 Nf4 15.
Bxf4 exf4 16. Qd2 Bg5 17. d4 cxd4 18. cxd4 d5 19. a4 b4 20. Rac1 Bh6 21. Bd3
Qb6 22. N1h2 g6 23. Bb1 Na5 24. Rcd1 dxe4 25. Bxe4 Rad8 26. Qe2 Rfe8 27. Bb1
Bd7 28. Qc2 b3 29. Rxe8+ Rxe8 30. Qd2 Bxa4 31. Ng4 Bg7 32. Qxf4 Nc4 33. Nfe5
Nd6 34. Bd3 Rd8 35. Nf6+ Bxf6 36. Qxf6 Be8 37. Ng4 h5 38. Nh6+ Kh7 39. Nf5 gxf5
40. Bxf5+ Kg8 41. Qg5+ Kf8 42. Qh6+ Kg8 43. Qh7+ Kf8 44. Qh8+ Ke7 45. Re1+ Ne4
46. Rxe4+ Kd6 47. Rxe8 1-0

[Event "Europa ch 2014"]
[Site "Yerevan ARM"]
[Date "2014.03.06"]
[Round "4.127"]
[White "Aleksanyan, Hrant"]
[Black "Machkalyan, Haik"]
[Result "1-0"]
[WhiteElo "2003"]
[BlackElo "1874"]
[PlyCount "85"]
[EventDate "2014.03.03"]
[EventType "swiss"]
[EventRounds "11"]
[EventCountry "ARM"]
[Source "lmi"]
[SourceDate "2014.03.02"]

1. d4 d5 2. c4 e6 3. Nc3 Nf6 4. Nf3 b6 5. cxd5 exd5 6. Bg5 Be7 7. e3 O-O 8. Bd3
Be6 9. Ne5 h6 10. Bh4 Nfd7 11. Bxe7 Qxe7 12. Nxd7 Nxd7 13. O-O c5 14. dxc5 bxc5
15. Ne2 Rab8 16. b3 Rfd8 17. Rc1 Ne5 18. Nf4 c4 19. Nxe6 fxe6 20. Bb1 cxb3 21.
axb3 Rdc8 22. Qd4 Rxc1 23. Rxc1 Qa3 24. Rf1 Nf7 25. Bc2 Rc8 26. Bd1 Rd8 27. f4
Qe7 28. Bh5 Nd6 29. Bg4 Rb8 30. b4 Nc4 31. Rb1 Rxb4 32. Rxb4 Qxb4 33. Bxe6+ Kh8
34. Kf2 Qb2+ 35. Qxb2 Nxb2 36. Bxd5 g5 37. Ke2 Kg7 38. Bb3 Kg6 39. Kd2 Kf5 40.
fxg5 hxg5 41. Kc2 Ke4 42. Kxb2 Kxe3 43. h3 1-0

[Event "Europa ch 2014"]
[Site "Yerevan ARM"]
[Date "2014.03.06"]
[Round "4.128"]
[White "Kleinert, Juergen"]
[Black "Hakobyan, Hovhannes H"]
[Result "0-1"]
[WhiteElo "2000"]
[BlackElo "1869"]
[PlyCount "66"]
[EventDate "2014.03.03"]
[EventType "swiss"]
[EventRounds "11"]
[EventCountry "ARM"]
[Source "lmi"]
[SourceDate "2014.03.02"]

1. e4 e6 2. d4 d5 3. Bd3 dxe4 4. Bxe4 Nf6 5. Bf3 c5 6. c3 Nc6 7. Ne2 cxd4 8.
cxd4 Bb4+ 9. Nbc3 O-O 10. O-O h6 11. Qb3 Bd6 12. g3 e5 13. d5 Na5 14. Qc2 Bd7
15. Qd3 Rc8 16. b3 b5 17. Bb2 Nb7 18. Bg2 Nc5 19. Qd2 b4 20. Nd1 Nfe4 21. Qxb4
a5 22. Qc4 Nd2 23. Qc2 Nxf1 24. Kxf1 a4 25. Nec3 axb3 26. axb3 Qb6 27. Ne3 Nxb3
28. Rb1 Nd4 29. Qd1 Qa6+ 30. Kg1 Rxc3 31. Bxc3 Ne2+ 32. Kh1 Nxc3 33. Qf1 Bb5
0-1

[Event "Europa ch 2014"]
[Site "Yerevan ARM"]
[Date "2014.03.07"]
[Round "5.1"]
[White "Riazantsev, Alexander"]
[Black "Najer, Evgeniy"]
[Result "1-0"]
[WhiteElo "2689"]
[BlackElo "2633"]
[PlyCount "144"]
[EventDate "2014.03.03"]
[EventType "swiss"]
[EventRounds "11"]
[EventCountry "ARM"]
[Source "lmi"]
[SourceDate "2014.03.02"]

1. d4 d5 2. c4 c6 3. Nf3 Nf6 4. e3 Bg4 5. h3 Bh5 6. g4 Bg6 7. Ne5 e6 8. Nd2
Nbd7 9. Nxg6 hxg6 10. Bg2 g5 11. O-O Bd6 12. Re1 Kf8 13. Rb1 Kg8 14. b4 a6 15.
Qc2 Nf8 16. b5 cxb5 17. cxb5 a5 18. e4 Rc8 19. Qd3 Bb4 20. e5 Rc3 21. Qf1 N6d7
22. Re3 Rc2 23. Nf3 Ng6 24. Re2 Rxe2 25. Qxe2 Nf4 26. Bxf4 gxf4 27. Qc2 Nb6 28.
Bf1 g6 29. Rb3 Kg7 30. a3 Be7 31. Rc3 Nc4 32. Qc1 a4 33. Kg2 g5 34. Qc2 Qa5 35.
Bxc4 dxc4 36. Rxc4 Qxb5 37. Qxa4 Qd5 38. Rc3 b5 39. Qb3 Qb7 40. Qc2 Qd5 41. Qb3
Qb7 42. d5 Qxd5 43. Qxd5 exd5 44. Rc7 Bxa3 45. Rb7 Re8 46. Rxb5 Be7 47. Rxd5
Rd8 48. Rxd8 Bxd8 49. Nd4 Bb6 50. Nf5+ Kf8 51. Kf3 Ba7 52. Nd6 Kg7 53. Ke2 Kg6
54. Nf5 Bb6 55. f3 Bc7 56. Ne7+ Kg7 57. Nc6 Kf8 58. Kd3 Ke8 59. Ke4 Kd7 60. Kd5
Bb6 61. Nb4 Ba5 62. Nd3 Bb6 63. Nb2 Ke7 64. Nc4 Bc7 65. Nd2 Bd8 66. Ne4 Kd7 67.
Nc5+ Ke7 68. Na4 Kd7 69. Ke4 Kc6 70. Nc3 Kd7 71. Kf5 Kc6 72. Ne4 Kd5 1-0

[Event "Europa ch 2014"]
[Site "Yerevan ARM"]
[Date "2014.03.07"]
[Round "5.2"]
[White "Kovalenko, Igor"]
[Black "Cheparinov, Ivan"]
[Result "1/2-1/2"]
[WhiteElo "2626"]
[BlackElo "2681"]
[PlyCount "160"]
[EventDate "2014.03.03"]
[EventType "swiss"]
[EventRounds "11"]
[EventCountry "ARM"]
[Source "lmi"]
[SourceDate "2014.03.02"]

1. c4 g6 2. Nc3 Bg7 3. g3 Nf6 4. Bg2 O-O 5. Nf3 d6 6. O-O e5 7. d3 h6 8. Rb1 a5
9. h3 Re8 10. e4 c6 11. Re1 Nbd7 12. Be3 Qe7 13. a3 Nc5 14. b4 axb4 15. axb4
Ne6 16. Qd2 Kh7 17. Kh2 Nd7 18. Ng1 Qf6 19. Nce2 h5 20. h4 Qe7 21. Nh3 Nf6 22.
f3 d5 23. Qb2 Kg8 24. Ra1 Rxa1 25. Rxa1 dxc4 26. dxc4 Rd8 27. Bb6 Re8 28. Be3
Nh7 29. Rd1 f5 30. c5 f4 31. Bf2 fxg3+ 32. Bxg3 Nf4 33. Rd6 Be6 34. Qd2 Nxg2
35. Kxg2 Ra8 36. Nc1 Rf8 37. Ng1 Bf6 38. Qh6 Bg7 39. Qd2 Bf6 40. Nd3 g5 41.
Bxe5 Bxe5 42. Nxe5 Ra8 43. Qd4 gxh4 44. Kh1 Nf8 45. f4 Qg7 46. Qe3 Ra2 47. Rd2
Qg3 48. Qxg3+ hxg3 49. Rxa2 Bxa2 50. Ne2 Ne6 51. Kg2 Bb1 52. Nxg3 Nxf4+ 53. Kf3
Ne6 54. Nxh5 Ng5+ 55. Ke3 Nxe4 56. Kd4 Kf8 57. Nc4 Ng5 58. Na5 Ke7 59. Nxb7
Nf3+ 60. Kc3 Ke6 61. Nf4+ Ke5 62. Ne2 Ng5 63. Kb3 Ne6 64. Na5 Be4 65. Nc4+ Kf6
66. Nc3 Bd3 67. Nb2 Bf1 68. Ka4 Ke5 69. Ka5 Kd4 70. Nba4 Bd3 71. Nd1 Bc2 72.
Ndb2 Nc7 73. Nb6 Bb3 74. N2a4 Be6 75. Nb2 Kc3 76. N6a4+ Kc2 77. Kb6 Nd5+ 78.
Kxc6 Nxb4+ 79. Kb5 Kb3 80. Nb6 Bg4 1/2-1/2

[Event "Europa ch 2014"]
[Site "Yerevan ARM"]
[Date "2014.03.07"]
[Round "5.5"]
[White "Fedoseev, Vladimir3"]
[Black "Bacrot, Etienne"]
[Result "1-0"]
[WhiteElo "2641"]
[BlackElo "2739"]
[PlyCount "71"]
[EventDate "2014.03.03"]
[EventType "swiss"]
[EventRounds "11"]
[EventCountry "ARM"]
[Source "lmi"]
[SourceDate "2014.03.02"]

1. d4 d5 2. c4 e6 3. Nf3 Nf6 4. e3 Be7 5. b3 O-O 6. Bb2 b6 7. Bd3 Bb7 8. O-O c5
9. Qe2 cxd4 10. exd4 Nc6 11. Nbd2 Re8 12. Rac1 Rc8 13. Rfd1 Bf8 14. g3 g6 15.
Ne5 dxc4 16. bxc4 Bg7 17. Bc2 Nd7 18. Ba4 Qc7 19. f4 Ba8 20. Ne4 f5 21. Ng5
Ncxe5 22. fxe5 Qb7 23. d5 exd5 24. cxd5 Rxc1 25. Rxc1 Bxe5 26. Bc6 Qb8 27. Ne6
Bxc6 28. dxc6 Nc5 29. Bxe5 Rxe6 30. Bxb8 Rxe2 31. Bxa7 Ne6 32. Bxb6 Rxa2 33. c7
Nxc7 34. Rxc7 Ra4 35. Be3 h5 36. h4 1-0

[Event "Europa ch 2014"]
[Site "Yerevan ARM"]
[Date "2014.03.07"]
[Round "5.7"]
[White "Wojtaszek, Radoslaw"]
[Black "Perunovic, Milos"]
[Result "1-0"]
[WhiteElo "2713"]
[BlackElo "2617"]
[PlyCount "105"]
[EventDate "2014.03.03"]
[EventType "swiss"]
[EventRounds "11"]
[EventCountry "ARM"]
[Source "lmi"]
[SourceDate "2014.03.02"]

1. d4 d5 2. c4 c6 3. Nf3 Nf6 4. e3 Bg4 5. Qb3 Qb6 6. Nc3 e6 7. Nh4 Bh5 8. h3
Be7 9. g4 Bg6 10. Nxg6 hxg6 11. Bg2 g5 12. O-O Nbd7 13. Rd1 Qc7 14. Bd2 Nb6 15.
cxd5 exd5 16. Rac1 Kf8 17. e4 Nxe4 18. Nxe4 dxe4 19. d5 Rd8 20. dxc6 bxc6 21.
Bxe4 Rh6 22. Bg2 c5 23. Be3 c4 24. Qb5 Rxd1+ 25. Rxd1 Rd6 26. Rxd6 Qxd6 27.
Bxg5 Bxg5 28. Qxg5 Qd4 29. Qb5 Nd7 30. Qd5 Qxd5 31. Bxd5 Nb6 32. Bc6 Ke7 33. h4
f6 34. Kg2 Kd6 35. Be8 Ke5 36. Kg3 Nd5 37. Bf7 c3 38. bxc3 Nxc3 39. f4+ Ke4 40.
Bg6+ Kd5 41. Kf3 Ke6 42. Bc2 a5 43. Bb3+ Kd6 44. Ke3 Nb5 45. h5 Na7 46. Ke4 Nc6
47. a4 Nb8 48. Kf5 Ke7 49. Kg6 Kf8 50. h6 gxh6 51. Kxf6 Nd7+ 52. Kg6 Nc5 53.
Bc2 1-0

[Event "Europa ch 2014"]
[Site "Yerevan ARM"]
[Date "2014.03.07"]
[Round "5.8"]
[White "Melkumyan, Hrant"]
[Black "Fressinet, Laurent"]
[Result "1-0"]
[WhiteElo "2613"]
[BlackElo "2709"]
[PlyCount "138"]
[EventDate "2014.03.03"]
[EventType "swiss"]
[EventRounds "11"]
[EventCountry "ARM"]
[Source "lmi"]
[SourceDate "2014.03.02"]

1. d4 Nf6 2. c4 e6 3. Nf3 d5 4. Nc3 Bb4 5. Bg5 h6 6. Bxf6 Qxf6 7. e3 O-O 8. Rc1
dxc4 9. Bxc4 c5 10. dxc5 Bxc5 11. Qc2 Bb4 12. O-O Nc6 13. Ne4 Qf5 14. Rfd1 Be7
15. a3 Rd8 16. Rxd8+ Bxd8 17. Bb3 Be7 18. Rd1 Qa5 19. h3 a6 20. Ba2 Ne5 21.
Nxe5 Qxe5 22. Bb1 g6 23. f4 Qa5 24. Nd6 Bxd6 25. Rxd6 Qe1+ 26. Kh2 Qxe3 27.
Rd8+ Kg7 28. Qc7 b5 29. Ba2 g5 30. f5 Qf4+ 31. Qxf4 gxf4 32. fxe6 fxe6 33. Bxe6
Bb7 34. Rd7+ Kf6 35. Bg4 Be4 36. Rd6+ Kg7 37. Rd7+ Kf6 38. Rd6+ Kg7 39. b4 a5
40. Rd4 Bc6 41. Rxf4 axb4 42. axb4 Ra2 43. Bf3 Bxf3 44. Rxf3 Rb2 45. Rf4 Rb3
46. h4 Kg6 47. g4 Rb2+ 48. Kg3 Rb3+ 49. Kg2 Rb2+ 50. Kf3 Rb3+ 51. Ke2 Rh3 52.
h5+ Kg5 53. Rf5+ Kxg4 54. Rxb5 Kf4 55. Kd2 Ke4 56. Kc2 Kd4 57. Rc5 Ke4 58. Rc4+
Kd5 59. Rc3 Rh1 60. Kb3 Kd4 61. Rc4+ Kd5 62. Rc5+ Kd4 63. Ka4 Rh4 64. Kb5 Rh1
65. Kb6 Rf1 66. b5 Rf6+ 67. Rc6 Rf5 68. Rxh6 Kc4 69. Ka6 Kd5 1-0

[Event "Europa ch 2014"]
[Site "Yerevan ARM"]
[Date "2014.03.07"]
[Round "5.9"]
[White "Kryvoruchko, Yuriy"]
[Black "Ipatov, Alexander"]
[Result "1/2-1/2"]
[WhiteElo "2706"]
[BlackElo "2614"]
[PlyCount "81"]
[EventDate "2014.03.03"]
[EventType "swiss"]
[EventRounds "11"]
[EventCountry "ARM"]
[Source "lmi"]
[SourceDate "2014.03.02"]

1. e4 c5 2. Nf3 d6 3. c3 Nf6 4. Qc2 g6 5. d4 Bg7 6. dxc5 dxc5 7. Bc4 Nc6 8. O-O
Qc7 9. Re1 O-O 10. Bg5 Ng4 11. Nbd2 b6 12. Bh4 Bb7 13. Bg3 Nge5 14. Bd5 e6 15.
Nxe5 Bxe5 16. Bxe5 Qxe5 17. Bc4 Rad8 18. Rad1 Qf6 19. Be2 Ne5 20. Nc4 Nxc4 21.
Bxc4 Bc6 22. f3 Rxd1 23. Rxd1 Rd8 24. Rd2 Qg5 25. Rxd8+ Qxd8 26. g3 Kg7 27. Kf2
Qd6 28. Ke3 f5 29. Qd3 Qxd3+ 30. Bxd3 Kf6 31. f4 e5 32. exf5 gxf5 33. Bc4 h6
34. b4 cxb4 35. cxb4 Bd7 36. a3 Bc6 37. Bb3 Bd7 38. Ba2 Bb5 39. Bd5 Bd7 40. Bc4
Bc6 41. Bb3 1/2-1/2

[Event "Europa ch 2014"]
[Site "Yerevan ARM"]
[Date "2014.03.07"]
[Round "5.10"]
[White "Schlosser, Philipp"]
[Black "Areshchenko, Alexander"]
[Result "1/2-1/2"]
[WhiteElo "2612"]
[BlackElo "2705"]
[PlyCount "80"]
[EventDate "2014.03.03"]
[EventType "swiss"]
[EventRounds "11"]
[EventCountry "ARM"]
[Source "lmi"]
[SourceDate "2014.03.02"]

1. Nf3 c5 2. c4 Nc6 3. d4 cxd4 4. Nxd4 Nf6 5. g3 e5 6. Nb5 Bb4+ 7. Bd2 a6 8.
N5c3 d5 9. cxd5 Nxd5 10. Bg2 Be6 11. O-O O-O 12. Nxd5 Bxd5 13. Bxb4 Bxg2 14.
Kxg2 Nxb4 15. Nc3 Qxd1 16. Rfxd1 Rfd8 17. Rac1 Kf8 18. a3 Nc6 19. Na4 Rxd1 20.
Rxd1 Rd8 21. Rxd8+ Nxd8 22. Kf3 Ke7 23. Ke4 Kd6 24. b4 b5 25. Nc5 a5 26. Nd3
axb4 27. axb4 Nc6 28. g4 f6 29. e3 Ne7 30. f4 Nd5 31. fxe5+ fxe5 32. Kf3 Nc7
33. e4 Ne6 34. h4 Nd4+ 35. Ke3 Nc2+ 36. Kd2 Nd4 37. Ke3 Nc2+ 38. Kd2 Nd4 39.
Ke3 Nc2+ 40. Kd2 Nd4 1/2-1/2

[Event "Europa ch 2014"]
[Site "Yerevan ARM"]
[Date "2014.03.07"]
[Round "5.11"]
[White "Solak, Dragan"]
[Black "Navara, David"]
[Result "1-0"]
[WhiteElo "2610"]
[BlackElo "2700"]
[PlyCount "65"]
[EventDate "2014.03.03"]
[EventType "swiss"]
[EventRounds "11"]
[EventCountry "ARM"]
[Source "lmi"]
[SourceDate "2014.03.02"]

1. e4 c5 2. Nf3 e6 3. d4 cxd4 4. Nxd4 Nc6 5. Nc3 Qc7 6. Be3 a6 7. Qd2 Nf6 8. f4
Bb4 9. Bd3 O-O 10. a3 Bxc3 11. Qxc3 Ng4 12. Bd2 e5 13. Nxc6 dxc6 14. h3 Nf6 15.
fxe5 Nd7 16. Bf4 Re8 17. Bc4 Nxe5 18. Rf1 Kh8 19. O-O-O f6 20. Bxe5 Qxe5 21.
Qxe5 fxe5 22. Rf7 b5 23. Re7 Rf8 24. Ba2 c5 25. Rf7 Re8 26. Rdf1 g6 27. Rf8+
Rxf8 28. Rxf8+ Kg7 29. Rg8+ Kf6 30. Bd5 Rb8 31. Re8 Kg5 32. g3 h5 33. Rxe5+ 1-0

[Event "Europa ch 2014"]
[Site "Yerevan ARM"]
[Date "2014.03.07"]
[Round "5.12"]
[White "Inarkiev, Ernesto"]
[Black "Tregubov, Pavel V"]
[Result "1/2-1/2"]
[WhiteElo "2698"]
[BlackElo "2614"]
[PlyCount "121"]
[EventDate "2014.03.03"]
[EventType "swiss"]
[EventRounds "11"]
[EventCountry "ARM"]
[Source "lmi"]
[SourceDate "2014.03.02"]

1. d4 Nf6 2. Nf3 c5 3. d5 b5 4. Bg5 Qb6 5. Bxf6 Qxf6 6. c3 g6 7. e4 Qb6 8. a4
b4 9. Nbd2 bxc3 10. bxc3 Bg7 11. Qc2 O-O 12. Bd3 Qa5 13. Ra3 d6 14. O-O Ba6 15.
Bxa6 Qxa6 16. a5 Nd7 17. Qa4 Nf6 18. Re1 Rab8 19. Qc4 Qxc4 20. Nxc4 Nd7 21. a6
Rb5 22. g3 Rfb8 23. Nfd2 g5 24. Kg2 Ne5 25. Rea1 g4 26. Nxe5 Bxe5 27. Nc4 Kg7
28. h3 h5 29. hxg4 hxg4 30. Kf1 Rb3 31. Rxb3 Rxb3 32. Na5 Rxc3 33. Nc6 Rb3 34.
Ra4 c4 35. Rxc4 Ra3 36. Nxe7 Rxa6 37. Nf5+ Kg6 38. Ne3 Kh5 39. Rc7 Ra4 40. Nc4
Kg5 41. Nxe5 dxe5 42. Rxf7 Rxe4 43. Rxa7 Rd4 44. Rd7 Kf5 45. Rd8 Kf6 46. Rd6+
Kf5 47. Rd8 Kf6 48. Ke2 Ke7 49. Ra8 Kf6 50. Rg8 Kf7 51. Rb8 Kf6 52. Rb6+ Kf5
53. d6 Re4+ 54. Kd3 Rd4+ 55. Kc3 Ke6 56. Rb4 Rxb4 57. Kxb4 Kxd6 58. Kc4 Kc6 59.
Kd3 Kd5 60. Ke3 Kd6 61. Ke4 1/2-1/2

[Event "Europa ch 2014"]
[Site "Yerevan ARM"]
[Date "2014.03.07"]
[Round "5.13"]
[White "Salgado Lopez, Ivan"]
[Black "Matlakov, Maxim"]
[Result "1/2-1/2"]
[WhiteElo "2605"]
[BlackElo "2695"]
[PlyCount "81"]
[EventDate "2014.03.03"]
[EventType "swiss"]
[EventRounds "11"]
[EventCountry "ARM"]
[Source "lmi"]
[SourceDate "2014.03.02"]

1. e4 e5 2. Nf3 Nc6 3. Bb5 Nf6 4. O-O Nxe4 5. Re1 Nd6 6. Nxe5 Be7 7. Bf1 Nxe5
8. Rxe5 O-O 9. Nc3 Ne8 10. Nd5 Bd6 11. Re1 c6 12. Ne3 Bc7 13. Nf5 d5 14. Ne7+
Kh8 15. Nxc8 Rxc8 16. d3 Nf6 17. Qf3 Qd7 18. g3 Rce8 19. Bd2 Ng4 20. Bh3 f5 21.
d4 Bd6 22. Qd3 g6 23. c4 Nf6 24. b3 Kg7 25. Rxe8 Rxe8 26. Re1 Ne4 27. Qe3 Re7
28. Qh6+ Kg8 29. Bg2 Nxd2 30. Qxd2 dxc4 31. bxc4 Rxe1+ 32. Qxe1 Qe7 33. Qxe7
Bxe7 34. d5 c5 35. d6 Bxd6 36. Bxb7 Kg7 37. f4 Be7 38. Kf2 g5 39. Bc8 gxf4 40.
gxf4 Kf6 41. Kf3 1/2-1/2

[Event "Europa ch 2014"]
[Site "Yerevan ARM"]
[Date "2014.03.07"]
[Round "5.15"]
[White "Fridman, Daniel"]
[Black "Alekseev, Evgeny"]
[Result "1/2-1/2"]
[WhiteElo "2604"]
[BlackElo "2692"]
[PlyCount "48"]
[EventDate "2014.03.03"]
[EventType "swiss"]
[EventRounds "11"]
[EventCountry "ARM"]
[Source "lmi"]
[SourceDate "2014.03.02"]

1. d4 d5 2. c4 e6 3. Nf3 Nf6 4. g3 Bb4+ 5. Bd2 Be7 6. Bg2 O-O 7. O-O c6 8. Qc2
b6 9. Rd1 Nbd7 10. Bf4 Bb7 11. Nc3 dxc4 12. Nd2 Nd5 13. Nxc4 Nxf4 14. gxf4 Qc7
15. e3 Rad8 16. Rac1 c5 17. d5 exd5 18. Nxd5 Bxd5 19. Rxd5 b5 20. Ne5 Nxe5 21.
Rxe5 Bd6 22. Rd5 Be7 23. Re5 Bd6 24. Rd5 Be7 1/2-1/2

[Event "Europa ch 2014"]
[Site "Yerevan ARM"]
[Date "2014.03.07"]
[Round "5.16"]
[White "Akopian, Vladimir"]
[Black "Hovhannisyan, Robert"]
[Result "1-0"]
[WhiteElo "2682"]
[BlackElo "2611"]
[PlyCount "95"]
[EventDate "2014.03.03"]
[EventType "swiss"]
[EventRounds "11"]
[EventCountry "ARM"]
[Source "lmi"]
[SourceDate "2014.03.02"]

1. e4 e5 2. Nf3 Nc6 3. Bb5 Nf6 4. d3 Bc5 5. c3 O-O 6. O-O d6 7. Bg5 h6 8. Bh4
g5 9. Bg3 Nh5 10. Nbd2 f5 11. d4 exd4 12. Bxc6 bxc6 13. Nxd4 Nxg3 14. hxg3 Qe8
15. exf5 Bxf5 16. N2b3 Bb6 17. Nxf5 Rxf5 18. Nd4 Bxd4 19. cxd4 Qf7 20. Rc1 Rf8
21. Qe2 Qd5 22. Rc4 h5 23. Qc2 g4 24. Rxc6 h4 25. gxh4 g3 26. Rxc7 gxf2+ 27.
Kh2 Qxd4 28. Qc4+ Rd5 29. Qxd4 Rxd4 30. g3 Rd2 31. Rxa7 Rxb2 32. Kg2 d5 33. a4
Ra2 34. a5 d4 35. Rd7 Rxa5 36. Rxd4 Ra2 37. Rd3 Kg7 38. Rf3 Rc8 39. R1xf2 Ra7
40. Rf4 Rc1 41. Rg4+ Kh6 42. Rf6+ Kh7 43. Rg5 Ra2+ 44. Kh3 Ra4 45. Rb5 Rc7 46.
Rfb6 Raa7 47. Rh5+ Kg7 48. Rbh6 1-0

[Event "Europa ch 2014"]
[Site "Yerevan ARM"]
[Date "2014.03.07"]
[Round "5.18"]
[White "Sargissian, Gabriel"]
[Black "Grigoryan, Karen H"]
[Result "1-0"]
[WhiteElo "2676"]
[BlackElo "2572"]
[PlyCount "51"]
[EventDate "2014.03.03"]
[EventType "swiss"]
[EventRounds "11"]
[EventCountry "ARM"]
[Source "lmi"]
[SourceDate "2014.03.02"]

1. d4 Nf6 2. c4 g6 3. Nc3 Bg7 4. e4 d6 5. Nf3 O-O 6. Be2 e5 7. Be3 exd4 8. Nxd4
Re8 9. f3 c6 10. Bf2 Na6 11. O-O Nh5 12. Qd2 f5 13. exf5 gxf5 14. g3 Qf6 15. f4
Qf7 16. Nf3 h6 17. Rfe1 Nf6 18. Qxd6 Ng4 19. Ne5 Nxe5 20. fxe5 Be6 21. Rad1 Kh7
22. Qd4 Qc7 23. Bd3 Bc8 24. Qh4 Bxe5 25. Ne4 Qe7 26. Nf6+ 1-0

[Event "Europa ch 2014"]
[Site "Yerevan ARM"]
[Date "2014.03.07"]
[Round "5.20"]
[White "Onischuk, Vladimir"]
[Black "Saric, Ivan"]
[Result "1/2-1/2"]
[WhiteElo "2583"]
[BlackElo "2661"]
[PlyCount "81"]
[EventDate "2014.03.03"]
[EventType "swiss"]
[EventRounds "11"]
[EventCountry "ARM"]
[Source "lmi"]
[SourceDate "2014.03.02"]

1. e4 e5 2. Nf3 Nc6 3. Bb5 a6 4. Ba4 Nf6 5. O-O Be7 6. d3 b5 7. Bb3 d6 8. a3
O-O 9. Nc3 Na5 10. Ba2 c5 11. Nd5 Nc6 12. c3 a5 13. a4 b4 14. Re1 Rb8 15. Bc4
Bd7 16. h3 Nxd5 17. Bxd5 Bf6 18. Be3 Ne7 19. Ba2 Be6 20. Bxe6 fxe6 21. d4 bxc3
22. bxc3 exd4 23. cxd4 Nc6 24. Rc1 Nxd4 25. Nxd4 cxd4 26. Bxd4 Rb4 27. e5 Bxe5
28. Bxe5 dxe5 29. Qxd8 Rxd8 30. Rxe5 Rxa4 31. Rxe6 Rad4 32. Ra6 Rd1+ 33. Rxd1
Rxd1+ 34. Kh2 Rd5 35. g4 h5 36. Kg3 hxg4 37. hxg4 g5 38. f4 Rd3+ 39. Kf2 gxf4
40. Rxa5 Kg7 41. Rf5 1/2-1/2

[Event "Europa ch 2014"]
[Site "Yerevan ARM"]
[Date "2014.03.07"]
[Round "5.21"]
[White "Sjugirov, Sanan"]
[Black "Ter-Sahakyan, Samvel"]
[Result "1/2-1/2"]
[WhiteElo "2653"]
[BlackElo "2572"]
[PlyCount "107"]
[EventDate "2014.03.03"]
[EventType "swiss"]
[EventRounds "11"]
[EventCountry "ARM"]
[Source "lmi"]
[SourceDate "2014.03.02"]

1. Nf3 d5 2. d4 Nf6 3. c4 c6 4. Nc3 e6 5. Bg5 Nbd7 6. e3 Qa5 7. cxd5 Nxd5 8.
Qd2 Bb4 9. Rc1 h6 10. Bh4 b6 11. a3 Bxc3 12. bxc3 c5 13. c4 Qxd2+ 14. Nxd2 Ne7
15. Bd3 Ba6 16. f3 Rc8 17. O-O f6 18. Bf2 O-O 19. Rfd1 Rfd8 20. Nb3 Nf5 21. a4
cxd4 22. exd4 Nd6 23. Nd2 e5 24. Bg3 Rc6 25. Ne4 Nb7 26. Bb1 Kf8 27. c5 exd4
28. Rxd4 bxc5 29. Nxc5 Ndxc5 30. Rxd8+ Nxd8 31. Rxc5 Bc4 32. Be4 Rxc5 33. Bd6+
Kf7 34. Bxc5 a6 35. Kf2 Ke6 36. g4 Bd5 37. Bd3 a5 38. f4 g5 39. Ke3 Nc6 40. f5+
Kd7 41. Bb5 Kd8 42. Bd6 Kd7 43. Bf8 Ke8 44. Bxh6 Kf7 45. h3 Na7 46. Bf1 Bb3 47.
h4 gxh4 48. g5 fxg5 49. Bxg5 h3 50. Bxh3 Bxa4 51. Kd4 Nc6+ 52. Kc5 Ne7 53. Bg4
Nxf5 54. Bxf5 1/2-1/2

[Event "Europa ch 2014"]
[Site "Yerevan ARM"]
[Date "2014.03.07"]
[Round "5.22"]
[White "Shomoev, Anton"]
[Black "Zvjaginsev, Vadim"]
[Result "1/2-1/2"]
[WhiteElo "2581"]
[BlackElo "2653"]
[PlyCount "38"]
[EventDate "2014.03.03"]
[EventType "swiss"]
[EventRounds "11"]
[EventCountry "ARM"]
[Source "lmi"]
[SourceDate "2014.03.02"]

1. e4 c5 2. Nf3 Nc6 3. d4 cxd4 4. Nxd4 g6 5. c4 Nf6 6. Nc3 d6 7. Be2 Nxd4 8.
Qxd4 Bg7 9. Be3 O-O 10. Qd2 Qa5 11. f3 Be6 12. Rc1 Rfc8 13. b3 Rab8 14. O-O a6
15. Ba7 Ra8 16. Be3 Rab8 17. Ba7 Ra8 18. Be3 Rab8 19. Ba7 Ra8 1/2-1/2

[Event "Europa ch 2014"]
[Site "Yerevan ARM"]
[Date "2014.03.07"]
[Round "5.23"]
[White "Popov, Ivan RUS"]
[Black "Goganov, Aleksey"]
[Result "1/2-1/2"]
[WhiteElo "2650"]
[BlackElo "2569"]
[PlyCount "80"]
[EventDate "2014.03.03"]
[EventType "swiss"]
[EventRounds "11"]
[EventCountry "ARM"]
[Source "lmi"]
[SourceDate "2014.03.02"]

1. e4 c6 2. Nc3 d5 3. Nf3 Bg4 4. h3 Bxf3 5. Qxf3 e6 6. d4 dxe4 7. Qxe4 Nf6 8.
Qd3 Be7 9. g3 Nd5 10. Be3 Nxe3 11. fxe3 Qc7 12. Rg1 Nd7 13. O-O-O O-O 14. g4 b5
15. g5 b4 16. Ne4 c5 17. d5 exd5 18. Qxd5 Rad8 19. Qf5 Qe5 20. Qf4 Qxf4 21.
exf4 Nb6 22. Re1 f5 23. gxf6 Bxf6 24. Nxf6+ Rxf6 25. Re7 Rf7 26. Rxf7 Kxf7 27.
Rg5 Rc8 28. Bd3 h6 29. Re5 Kf6 30. c4 bxc3 31. bxc3 Rd8 32. Be4 Na4 33. Kc2 Rb8
34. Rf5+ Ke6 35. Re5+ Kf6 36. Rf5+ Ke6 37. Re5+ Kf6 38. Rf5+ Ke6 39. Re5+ Kf6
40. Rf5+ Ke6 1/2-1/2

[Event "Europa ch 2014"]
[Site "Yerevan ARM"]
[Date "2014.03.07"]
[Round "5.24"]
[White "Vaganian, Rafael A"]
[Black "Ragger, Markus"]
[Result "1/2-1/2"]
[WhiteElo "2570"]
[BlackElo "2644"]
[PlyCount "83"]
[EventDate "2014.03.03"]
[EventType "swiss"]
[EventRounds "11"]
[EventCountry "ARM"]
[Source "lmi"]
[SourceDate "2014.03.02"]

1. d4 Nf6 2. c4 g6 3. Nc3 d5 4. Bg5 Bg7 5. Bxf6 Bxf6 6. cxd5 c5 7. dxc5 Nd7 8.
e4 O-O 9. f4 Nxc5 10. e5 Bg7 11. Qd4 Nd7 12. Bc4 f6 13. e6 f5 14. Qe3 Nb6 15.
Bb3 Bxc3+ 16. bxc3 Nxd5 17. Qe5 Nf6 18. Rd1 Qb6 19. Nf3 Ne4 20. Nd4 a5 21. g4
Qc5 22. Qxc5 Nxc5 23. gxf5 gxf5 24. Rg1+ Kh8 25. Rg5 Nxb3 26. axb3 Rf6 27. Rxf5
Rxf5 28. Nxf5 Bxe6 29. Nd4 Bf7 30. Kd2 Kg7 31. Rg1+ Kf6 32. Rg5 a4 33. Rf5+ Kg7
34. bxa4 Rxa4 35. Rb5 Ra2+ 36. Ke3 Rxh2 37. Rxb7 Rh3+ 38. Kd2 Rh2+ 39. Ke1 Rh3
40. Kd2 Rh2+ 41. Ke1 Rh3 42. Rc7 1/2-1/2